| 000 | 00868nam a22002775i 4500 | ||
|---|---|---|---|
| 001 | 11008 | ||
| 003 | ES-MaACL | ||
| 005 | 20250808062709.0 | ||
| 007 | t| | ||
| 008 | 940524s1994 sp ||||0| spa j | ||
| 017 | _aBU 26-1994 | ||
| 020 | _a84-7914-121-2 | ||
| 040 |
_aM-BN _bspa _cM-BN |
||
| 080 | _a316.77:17 | ||
| 080 | _a17:316.77 | ||
| 100 | 1 |
_aBlázquez, Niceto. _929443 |
|
| 245 | 1 | 0 |
_aÉtica y medios de comunicación / _cpor Niceto Blázquez. |
| 260 |
_aMadrid : _bBiblioteca de Autores Cristianos, _c1994. |
||
| 300 |
_aXXIV, 746 p., 1 h. ; _c20 cm. |
||
| 490 | 1 |
_aBiblioteca de autores cristianos ; _v537 |
|
| 504 | _aBibliografía. Indice. | ||
| 650 | 1 | 4 |
_aMedios de comunicación social- _xAspectos morales. _914963 |
| 830 | 0 | 0 |
_aBiblioteca de autores cristianos _v537 _9178679 |
| 852 |
_aES-MaACL _jJ-524 _9R.46092 |
||
| 999 |
_c11008 _d11008 |
||